|
|
|
|
| LEADER |
00000nas a2200000 a 4500 |
| 001 |
ssj0005092 |
| 003 |
WaSeSS |
| 005 |
20200512172242.0 |
| 006 |
m d |
| 007 |
cr n |
| 008 |
000508c19959999ne qr p s 0 0eng c |
| 010 |
|
|
|a 2008233918
|
| 016 |
7 |
|
|a 2004359-4
|2 DE-600
|
| 022 |
|
|
|a 1572-8692
|l 1356-4765
|y 1356-4765
|
| 035 |
|
|
|a (WaSeSS)ssj0005092
|
| 040 |
|
|
|a F#A
|b eng
|c F#A
|d OCLCQ
|d OCL
|d EYM
|d GUA
|d U9S
|d MYG
|d OCLCQ
|d OCLCF
|d OCL
|d OCLCO
|d OCLCQ
|d AU@
|d VT2
|d OCL
|d NJT
|d DLC
|d WaSeSS
|
| 042 |
|
|
|a pcc
|
| 050 |
0 |
0 |
|a K202
|
| 082 |
0 |
4 |
|a 340
|
| 130 |
0 |
|
|a Res publica (Liverpool, England : Online)
|
| 245 |
1 |
0 |
|a Res publica
|h [electronic resource].
|
| 260 |
|
|
|a Netherlands :
|b Kluwer Academic Publishers,
|c 1995-
|
| 260 |
3 |
|
|3 <2005-> :
|a [Dordrecht] :
|b Springer Netherlands
|
| 310 |
|
|
|a Quarterly,
|b 2004-
|
| 321 |
|
|
|a Three no. a year,
|b 1995-2003
|
| 362 |
1 |
|
|a Began with vol. 1, no. 1 (Mar. 1995).
|
| 506 |
|
|
|a License restrictions may limit access.
|
| 588 |
|
|
|a Description based on: Vol. 1, no. 1 (Mar. 1995); title from journal contents screen (SpringerLink, viewed Oct. 22, 2009).
|
| 588 |
|
|
|a Latest issue consulted: Vol. 24, no. 3 (Aug. 2018) (viewed May 23, 2019).
|
| 650 |
|
0 |
|a Law
|x Philosophy
|v Periodicals.
|
| 650 |
|
0 |
|a Social sciences
|x Philosophy
|v Periodicals.
|
| 650 |
|
6 |
|a Droit
|x Philosophie
|v Périodiques.
|
| 650 |
|
6 |
|a Sciences sociales
|x Philosophie
|v Périodiques.
|
| 650 |
|
7 |
|a Law
|x Philosophy.
|2 fast
|0 (OCoLC)fst00993788
|
| 650 |
|
7 |
|a Social sciences
|x Philosophy.
|2 fast
|0 (OCoLC)fst01122940
|
| 655 |
|
0 |
|a Electronic journals.
|
| 776 |
0 |
8 |
|i Print version:
|t Res publica (Liverpool, England)
|x 1356-4765
|w (DLC)sn 97033135
|w (OCoLC)32632062
|
| 850 |
|
|
|a DLC
|
| 856 |
4 |
0 |
|z Full text available from Research Library: 01/01/1997 to 1 year ago
|u https://search.proquest.com/publication/55441
|